[Event "Julian Borowski-A 3rd"]
[Site "Essen"]
[Date "2001.05.09"]
[Round "7"]
[White "Dautov, Rustem"]
[Black "Romanishin, Oleg M"]
[Result "1-0"]
[WhiteElo "2631"]
[BlackElo "2559"]
[Annotator "Dautov,R"]
[PlyCount "95"]
[EventDate "2001.05.02"]
[EventType "tourn"]
[EventRounds "9"]
[EventCountry "GER"]
[EventCategory "15"]
[SourceTitle "CBM 083"]
[Source "ChessBase"]
[SourceDate "2001.07.05"]
[SourceVersion "1"]
[SourceVersionDate "2001.07.05"]
[SourceQuality "1"]

1. d4 {Rabinovich,A} Nf6 2. c4 e6 3. Nf3 b6 4. g3 Ba6 5. b3 Bb7 6. Bg2 Bb4+ 7.
Bd2 a5 (7... c5 $5 {Rabinovich,A} 8. Bxb4 cxb4 9. O-O O-O 10. Nbd2 d6 11. Qc2
Nc6 12. e4 e5 13. d5 Nb8 14. a3 bxa3 15. b4 a5 16. c5 $36 {1-0 Shariyazdanov,
A-Baklan,V/Neum BIH 2000/ (43)}) 8. O-O O-O {Rabinovich,A: White has to choose
now between few very interesting continuations:} 9. Qc2 {Rabinovich,A: 'White
chose the most popular line this days.White will try to push e4.'} (9. Bf4 {
Rabinovich,A} a4 10. a3 axb3 11. Qxb3 Be7 12. Nc3 Nc6 13. d5 Na5 $15 {[%csl
Rc4][%cal Gb7a6] 0-1 Bilek,I-Almasi,Z/HUN 1995/EXT 2000 (40)}) (9. a3 {
Rabinovich,A} Be7 10. Nc3 d5 11. cxd5 exd5 12. Ne5 Nbd7 13. Nd3 Re8 14. Nf4 Nf8
15. Qc2 c6 16. Rfd1 Rc8 $11 {1/2-1/2 Bykhovsky,A-Lutz,C/Tel Aviv 1999/CBM 71 
(25)}) (9. Bg5 {Rabinovich,A} a4 $1 10. a3 axb3 11. Qxb3 Be7 $11) (9. Bc3 {
Rabinovich,A} d5 10. a3 Be7 11. Nbd2 c5 12. Ne5 Nc6 13. Nxc6 Bxc6 14. cxd5 Nxd5
15. Bb2 cxd4 16. Bxd4 Rc8 17. e3 Bf6 18. Nc4 Bb5 19. Bxd5 exd5 20. Nxb6 Bxd4
21. Qxd4 Rb8 22. Nxd5 Bxf1 23. Rxf1 Rxb3 24. Rd1 Qd6 25. a4 h6 26. Qa7 $44 {
1/2-1/2 Skembris,S-Romanishin,O/Cutro 1999/CBM 71 (52)}) (9. Nc3 {Rabinovich,A}
d5 10. cxd5 Bxc3 11. Bxc3 Bxd5 12. Ne1 Na6 13. f3 c5 14. dxc5 Nxc5 15. Nd3 Bb7
16. Nxc5 bxc5 17. Qxd8 {1/2-1/2 Chernin,A-Karpov,A/Tilburg 1992/CBM 32 (17)}) (
9. Qc1 $5 {Rabinovich,A Deserves more attention.}) 9... d6 10. Nc3 Nbd7 11.
Rfe1 Bxc3 12. Bxc3 {Rabinovich,A: All this moves are known to the theory. The
next white move which was played was 13.Qb2 after what position stays unclear.
After the game Topalov,V-Adams,M Frankfurt2000, where black succesfully got
out of the opening white didn't play for a while this line. I think that the
novelty in the currient game will return this modern variation to life.} Be4
13. Qc1 $5 $146 {'N!' Rabinovich,A. Ein neuer Versuch. Der Textzug hat
gegenüber dem üblichen 13.Qb2 zwei Vorteile: 1) die Dame kann in manchen
Varianten auf e3 oder f4 ziehen; 2) der Läufer c3 ist nicht eingeengt und kann
u. U. nach b2.} (13. Qb2 a4 (13... c6 14. Bf1 b5 $132 15. Nd2 b4 $11) 14. Bf1
c5 15. Nd2 Bb7 16. b4 a3 17. Qb3 cxd4 18. Bxd4 e5 19. Be3 Qc7 20. Rac1 Qc6 21.
f3 Qa4 22. Qb1 d5 $13 {Topalov,V-Adams,M/Frankfurt 2000}) 13... h6 {Diese
Prophylaxe scheint unnötig zu sein. Schwarz sollte lieber eine der
Alternativen wählen.} (13... Qb8 14. Bh3 c6 15. Nh4 h6 16. f3 Bh7 17. e4 $14) (
13... c6 $5) (13... a4 $5 14. b4 a3 15. Bh3) 14. Bh3 {'+/=' Rabinovich,A.
Rabinovich,A: 'Black can't stop from white to play e4.'} Bh7 $6 15. Nd2 Ne4 $6
{Dies verhilft Weiß zu einem perfekten Zentrum.} (15... d5 16. cxd5 exd5 17.
Bb2 $14 {/\Qc6}) ({Zu empfehlen war} 15... c5 16. Qb2 cxd4 17. Bxd4 e5 18. Bc3
$14) (15... e5 $6 {Rabinovich,A} 16. dxe5 dxe5 17. Bg2 {[%csl Gc3,Gg2][%cal
Ge1d1] With long range advantage for white.}) 16. Nxe4 Bxe4 17. f3 Bh7 (17...
Bb7 {Rabinovich,A} 18. e4 e5 19. Qb2 {[%csl Gb2,Gc3,Gh3][%cal Ga1d1] White
really should like this position.}) 18. e4 $14 {Rabinovich,A: 'White achieved
a very pleasant position. Black has to play accuratly not to get into trublle
in early stages of the game.'  Genauso könnte man als Einschätzung "+/-"
setzten: Schwarz hat kein Gegenspiel, den passiven Bh7 und wenig Raum, während
Weiß dazu ein stolzes Läuferpaar besitzt.} a4 19. Qb2 {Rabinovich,A: 'White is
ready to open the a-file ,his two bishops would like to get more space!?'} (19.
Qe3 $5 $14) 19... Qe7 20. b4 a3 {'?!' Rabinovich,A. Rabinovich,A: 'This move
is unnessasary now. The P on a3 will be weak and will deserve a lot of black
attention.'  Sonst folgt 21.a3. Nun ist aber der weit vorgerückte Bauer
schwach.} 21. Qb3 {><a3} Rfd8 22. Rad1 Nf6 $2 {Danach geht der Bauer a3
verloren.} ({Besser war} 22... c5 23. Rd2 $14 {/\Red1}) (22... c5 $5 {
Rabinovich,A As much as black doen't want to open the position this move was
keeping the P on a3 alive .}) 23. b5 $16 Nd7 24. Bb4 e5 {Rabinovich,A: 'This
is almost forced move for black.'} (24... Ra7 {Rabinovich,A} 25. e5 $16) 25.
dxe5 (25. Bxa3 $5 exd4 26. Rxd4 Nc5 27. Bxc5 bxc5 28. Rdd1 $16) 25... Qxe5 (
25... Nxe5 $2 26. f4 Nd7 27. e5 $16) 26. Bxa3 ({Selbstverständlich vermeidet
man nach Möglichkeit eine Stellung mit ungleichfarbigen Läufern:} 26. Bxd7 $6
Rxd7 27. Bxa3 Kh8 $16 {/\f6,Bg8}) (26. Bxd7 $5 {Rabinovich,A}) 26... Nc5 27.
Qe3 Na4 (27... Ra4 28. Rd5 Qe7 29. e5 $16) (27... f6 $5) 28. Bb4 {Rabinovich,A:
'Securing the c3 square.'} Kh8 29. Rd5 Qb2 30. a3 (30. Qb3 $5 $16) 30... f6
$138 31. f4 $2 {Der materielle Vorteil, eine überlegene Stellung und die
Zeitnot meines Gegners haben mich nachlässig gemacht. Schwarz läßt seine Dame
selbstverständlich nicht mit 32.Rd2 fangen, während der weiße Bauer e4 schwach
wird.} ({Stattdessen sollte man die schwarze Dame zurückbefördern:} 31. Rd2 $1
Qe5 32. f4 Qh5 (32... Qe8 {Rabinovich,A} 33. Bg2 $18 {[%cal Ge3d4,Gd2e2,Ge4e5]}
) 33. Bg2 $18 {/\e5 , und der Durchbruch e4-e5 wird entscheiden.}) 31... Qc2 $1
32. Rd4 (32. Bg2 $1 {Rabinovich,A} Qxc4 (32... Bg8 {Rabinovich,A} 33. Rh5 Nb2
34. e5 Nxc4 35. Qc1 Qxc1 36. Rxc1 Ra7 37. exf6 gxf6 38. Rxh6+ Kg7 39. Rh4 $16 {
[%cal Gh4g4,Gg4g8,Gc1c4]}) 33. Rc1 $18) 32... Nc5 {'[]' Rabinovich,A.} 33. Bg2
Re8 $132 {><e4} 34. e5 $2 {Dies sollte den ganzen Vorteil vergeben, führt aber
in Romanischins Zeitnot zum schnellen Sieg.} ({Vorsichtiger und besser war der
Damentausch} 34. Qe2 $1 Qxe2 35. Rxe2 $16) (34. Re2 {Rabinovich,A} Qb1+ 35. Re1
Qc2) 34... Rad8 {'<=>' Rabinovich,A.} (34... dxe5 {Rabinovich,A} 35. Bxa8 $18)
35. Rd2 {'?!' Rabinovich,A. Rabinovich,A: 'White is playing like the position
is already won. The last move gives up almost all the advantage which white
gained by now. '} (35. Bc6 $1 Nd3 $1 (35... fxe5 36. Rd2 Qxc4 37. Bxe8 {-35.Rd2
}) (35... Re7 36. Qd2 $18) (35... dxe5 36. Rxd8 Rxd8 37. Bxc5 bxc5 38. fxe5
fxe5 39. Qxc5 $16 Bg8 40. Qxe5 Rd2 41. Qxc7 Rxh2 42. Qf4 $18) 36. Bxe8 Nxe1 37.
Bc6 fxe5 38. fxe5 Nd3 $132) 35... Qxc4 36. Bc6 fxe5 $2 {Rabinovich,A: 'This is
decisive mistake.Now white is back on top. After 36...Nd3! black could have
stayed in the game.'} ({Ich hatte die folgende Erwiderung unterschätzt:} 36...
Nd3 $1 37. Rxd3 (37. Red1 $2 Nxb4 38. Bxe8 Rxe8 39. axb4 fxe5 $15) 37... Qxd3
38. Qxd3 Bxd3 39. Rd1 (39. Bxe8 {Rabinovich,A} Rxe8 40. exd6 Rxe1+ 41. Bxe1
cxd6 42. a4 Bc2 (42... Kg8 {Rabinovich,A} 43. Bf2 $6 Bc2 $11) 43. a5 bxa5 44.
b6 Be4 45. Bxa5 $14) 39... Bg6 40. exd6 cxd6 41. Bxe8 Bxe8 $11) 37. Bxe8 $18 {
Nun ist es aus.} Rxe8 38. Bxc5 {'!' Rabinovich,A.} bxc5 (38... dxc5 39. fxe5
Qxb5 40. e6 $18) 39. b6 $1 cxb6 40. Rxd6 e4 41. Rxb6 Rd8 42. Rc6 Qa2 43. Rxc5
Rd2 44. Rc8+ Bg8 45. Qxe4 Rxh2 46. Qf3 Rd2 47. f5 Qb2 48. Qa8 1-0

[Event "EU-ch 2nd"]
[Site "Ohrid"]
[Date "2001.06.13"]
[Round "12"]
[White "Dautov, Rustem"]
[Black "Sokolov, Andrei"]
[Result "1/2-1/2"]
[WhiteElo "2631"]
[BlackElo "2568"]
[Annotator "Dautov,R"]
[PlyCount "96"]
[EventDate "2001.06.01"]
[EventType "swiss"]
[EventRounds "13"]
[EventCountry "YUG"]
[SourceTitle "CBM 084"]
[Source "ChessBase"]
[SourceDate "2001.09.13"]
[SourceVersion "1"]
[SourceVersionDate "2001.09.13"]
[SourceQuality "1"]

1. d4 Nf6 2. c4 e6 3. Nf3 b6 4. g3 Ba6 5. b3 Bb4+ 6. Bd2 Be7 7. Bg2 d5 8. cxd5
Nxd5 {Die Lieblingsvariante von Andrei Sokolov, die er unter anderem mehrmals
in seinem Match gegen An. Karpov in Linares 1987 angewendet hat und in- und
auswendig kennt.} 9. Nc3 O-O 10. O-O Nd7 11. Nxd5 exd5 12. Rc1 Re8 13. Re1 Bb7
({Gegen Karpov spielte Sokolov zweimal} 13... c5 14. Be3 Bb7 15. Bh3 $1 {
(diese Idee ist sehr stark)} cxd4 16. Bxd4 Nf6 17. Rc2 Bb4 18. Rf1 Ba6 {
und verlor beide Partien. Kein Wunder, daß er diese Variante durch
Zugumstellung zu vermeiden sucht.}) 14. Rc2 (14. Bh3 {hätte hier wenig Sinn.})
14... a5 15. Qc1 c5 {Mehr oder weniger erzwungen.} (15... Bd6 $6 16. Bf4 $14) (
15... c6 $6 16. Bh3 $14) 16. Be3 a4 {Diese Stellung ist in der Theorie auch
bekannt.} 17. Bh3 {Zwingt Schwarz zum Abtausch im Zentrum.} ({In Sokolovs
Praxis kam auch} 17. Rd1 {vor. Nach} h6 (17... axb3 18. axb3 Bf6 19. Ne1 (19.
Bh3 $5 $14) 19... h6 20. Bf3 Qe7 21. Qd2 Ra3 22. Rb1 Rd8 23. dxc5 Nxc5 24. Qb4
$14 {Karpov,A-Kasparov,G/Moskau 1984}) 18. dxc5 axb3 19. axb3 {griff er fehl:}
bxc5 $2 {und verlor einen Bauern:} (19... Nxc5 $1) 20. Ne1 Bf6 21. Qd2 Qb6 22.
Bxd5 $16 {Georgiev,K-Sokolov,A/Ulcinj 1997}) 17... axb3 18. axb3 cxd4 19. Bxd4
{Erst dieser Zug ist neu.} (19. Nxd4 Nc5 (19... Bc5 $5 {wurde von Andrei bei
der Partieanalyse vorgeschlagen.}) 20. Rd1 Bf6 21. b4 Ne6 22. Bxe6 fxe6 23. Rc7
Rb8 24. b5 Qd6 $11 {brachte Weiß nichts in Olafsson,H-Hansen,C/Gausdal 1985})
19... Nc5 20. Qb2 Bf8 {Trotz des leichten positionellen Vorteils ist die
Aufgabe von Weiß nicht leicht. Die schwarzen Figuren stehen aktiv und von der
Schwäche des Isolani kann noch keine Rede sein.} 21. Rec1 {Gegen den möglichen
Versuch Bb7-c8 gerichtet, außerdem plant Weiß bei Gelegenheit b3-b4.} (21. b4
$6 Ne4 {mit der Idee Ra4 wäre verfrüht.}) (21. Ne5 $5) 21... Ba6 {Schwarz
aktiviert seinen passiv stehenden Läufer.} ({In Frage kam} 21... Ne6 $5 22. Rd1
(22. Bxe6 $2 Ba3 23. Bxf7+ Kxf7 24. Rc7+ Re7 $15) 22... Nxd4 23. Nxd4 Qf6 {
, und Schwarz sollte allmählich ausgleichen.}) 22. Ra1 {Ich nutzte sofort die
Gelegenheit zum Turmtausch, diese Taktik zahlt sich beim Spiel gegen Isolani
meistens aus.} Bb5 23. Rxa8 Qxa8 24. Be3 Qa6 $11 {Schwarz hat ausgeglichen.} (
24... Bd6 $5 25. Nd4 Be5 $11 {war auch gut.}) 25. Nd4 Ra8 26. Bg2 Ne4 {Mein
Gegner, der große Erfahrung mit diesem Stellungstyp hatte, spielte recht
sicher, während ich an jedem Zug überlegte. Das hatte zufolge, daß meine Zeit
langsam knapp wurde. Deswegen beschloß ich, das Stellungsbild zu verändern und
das Spiel etwas konkreter zu gestalten.} 27. Bxe4 $1 (27. h3 Bd7 $11) 27...
dxe4 28. Rc7 Be8 29. Kg2 {Die Stellungseinschätzung hat sich nicht verändert,
das Spiel ist nach wie vor ausgeglichen. Dennoch ging meine Rechnung auf -
Sokolov war etwas verwirrt und begann länger nachzudenken. Innerhalb von zwei
Zügen hatte er seinen gesamten Zeitvorteil verloren.} Rd8 $6 {Nicht die beste
Verteidigung. Schwarz sollte stattdessen seine Dame aktivieren.} ({Es gab
einige Gefahren zu erkennen:} 29... g6 $4 30. Ne6 $3 fxe6 31. Qf6 $18) ({Oder} 
29... Rc8 $6 30. Qc2 Rxc7 31. Qxc7 $14 Bb5 32. Nxb5 Qxb5 33. Qc4 $1 Qxc4 34.
bxc4 Bc5 35. Bxc5 bxc5 36. f3 $16) ({Aber} 29... b5 $1 {(oder 29... Qa5!=) war
korrekt.} 30. Qc2 Bd6 31. Rc3 Bb4 32. Rc7 Bd6 $11) 30. Nc6 $2 {Ebenfalls nicht
das Beste.} (30. Nf5 $6 Rd7) ({Gefährlicher für Schwarz war} 30. Qc2 $1 Bd6 (
30... Qa8 31. Nc6 $1 Rd6 32. Ne7+ Bxe7 33. Rc8 $16) 31. Rc3 Qa8 (31... Bb4 $2
32. Rc4 $16) 32. Nf5 $14) 30... Rd1 $2 {Mit der beginnenden Zeitnot läßt die
Qualität der Züge schnell nach. Und Dank der neuen Zeitkontrolle der FIDE
beginnt die Zeitnot sehr früh und hört nach dem 40. Zug nicht auf! In Ohrid
habe ich keinen einzigen Schachprofi getroffen, der diese Innovation
befürwortet hätte.} (30... Rc8 31. Ne7+ Bxe7 32. Rxe7 Kf8 33. Re5 Bc6 $11) 31.
Ne7+ {Eine praktische Entscheidung.} ({Auf Komplikationen, selbst wenn sie
aussichtsreich sind, läßt man sich in Zeitnot ungern ein:} 31. Qc2 $1 Qa1 32.
Qxe4 Bd7 33. h4 $16 {wäre objektiv die beste Fortsetzung.}) 31... Bxe7 32. Rxe7
Qc8 $2 {Dieser Fehler kostet Schwarz einen Bauern.} (32... Kf8 $14) (32... Qb5
33. Qc2 Rd8 $14) 33. Qc3 (33. Qc2 $1) 33... Rd8 34. Qxc8 Rxc8 35. Bxb6 $16 Bb5
36. b4 $2 {Der letzte Patzer. Ich erwartete nur 36...Bxe2 und wollte mir ein
Tempo aussparen...} (36. e3 $2 Re8 37. Rc7 Be2 38. b4 h5 $14) ({Richtig war} 
36. Re5 $1 Bxe2 37. Rxe4 Bb5 38. Re3 $16 {, und Schwarz würde ein schwerer
Kampf um Remis bevorstehen.}) 36... Re8 $1 $11 {Diesen einfachen Zwischenzug
habe ich vollkommen übersehen. Das entstehende Endspiel mit ungleichfarbigen
Läufern ist totremis.} 37. Rxe8+ Bxe8 38. g4 Bb5 39. e3 f6 40. h4 Kf7 41. Kg3
Ke6 42. Kf4 Bc6 43. g5 f5 44. g6 hxg6 45. Bd4 Bb5 46. Bxg7 Be2 47. Bd4 Kd6 48.
Kg5 Bh5 1/2-1/2

[Event "Olympiad-34"]
[Site "Istanbul"]
[Date "2000.11.10"]
[Round "13.3"]
[White "Dautov, Rustem"]
[Black "Kurajica, Bojan"]
[Result "1-0"]
[WhiteElo "2606"]
[BlackElo "2534"]
[Annotator "Dautov,R"]
[PlyCount "69"]
[EventDate "2000.10.28"]
[EventType "team-swiss"]
[EventRounds "14"]
[EventCountry "TUR"]
[SourceTitle "EXT 2001"]
[Source "ChessBase"]
[SourceDate "2000.11.22"]
[SourceVersion "1"]
[SourceVersionDate "2000.11.22"]
[SourceQuality "1"]
[WhiteTeam "Germany"]
[BlackTeam "Bosnia&Herzegovina"]
[WhiteTeamCountry "GER"]
[BlackTeamCountry "BIH"]

1. d4 Nf6 2. c4 e6 3. Nf3 b6 4. g3 Ba6 5. b3 Bb7 6. Bg2 Bb4+ 7. Bd2 a5 8. O-O
O-O 9. Qc2 Bxd2 10. Nbxd2 d5 11. cxd5 exd5 12. Rac1 (12. Ne5 $5 Qe7 $6 13. Ndc4
$1 g6 $6 14. Rac1 Na6 15. Qb2 Rac8 16. Rfd1 Ne8 $2 17. Ne3 c6 18. a3 Nd6 19.
Rd2 Kg7 20. Rdc2 $16 {Beliavsky,A-Ahmed,A/Yerevan olm 1996}) (12. Rfd1 Na6 13.
Nf1 Ne4 $6 14. Ne5 Qe7 15. Bxe4 $1 dxe4 16. a3 c5 17. Nc4 Rad8 18. d5 b5 19. d6
Qe6 20. Nxa5 Ba8 21. a4 $16 {Topalov-Illescas Cordoba Dos Hermanas 1997.})
12... Na6 13. Rfd1 Re8 14. e3 c5 15. Qb2 Qe7 16. Nb1 $1 Ne4 17. Nc3 {Die
Effizienz des weißen Springers auf c3 gegenüber d2 ist offensichtlich. Weiß
droht bereits, dem Gegner mit 17.cxd5 einen Isolani zu verpassen.} Rac8 $6 (
17... Rad8 $1 {war sicherer.} 18. dxc5 bxc5 19. Nxe4 dxe4 20. Rxd8 Rxd8 $132 {
Ich hatte vor, mit 18.Bf1+/= fortzusetzen.}) 18. dxc5 Rxc5 (18... Nxc3 $6 19.
Qxc3 Nxc5 20. Nd4 $14) 19. Na4 $2 {Ein oberflächlicher Zug! Der Nachziehende
träumt davon, seinen b-Bauern nach b4 zu bringen, um das Feld c3 zu
kontrollieren, und ich helfe ihm noch dabei!} ({Selbstverständlich war} 19. Nd4
$1 {vorzuziehen.} Qf6 (19... Rec8 20. Na4 Rxc1 21. Rxc1 Rxc1+ 22. Qxc1 Qf6 (
22... Nac5 23. Bxe4 $1 dxe4 (23... Nxe4 24. f3 $16) 24. Nxb6 Nd3 25. Qd2 $16)
23. Bxe4 $1 dxe4 24. Qc4 h6 25. Qb5 $16) 20. Na4 Rxc1 21. Rxc1 Nac5 (21... Nb4
$6 22. Bf1 $16) 22. Bxe4 $1 Nxe4 23. Rc7 $14) 19... Rxc1 20. Rxc1 b5 $1 {
Nun sollte Weiß sehr sorgfältig spielen, um nicht in Nachteil zu geraten.} 21.
Nc3 Nac5 22. Qc2 $1 (22. Bf1 b4 $15) 22... Nxf2 $6 {Wahrscheinlich hat
Kurajica meinen nächsten Zug übersehen. Dabei konnte er mich absolut risikolos
den einzigen Ausgleich suchen lassen.} (22... b4 $1 23. Nxe4 $1 (23. Ne2 $6 Qf6
$15 {/\Rc8, Ba6, ><c3.}) 23... dxe4 (23... Nxe4 $2 24. Qc7 Nc3 25. Qxe7 Rxe7
26. Nd4 $14 {nebst 27.a3, axb4 und Ra1.}) 24. Qxc5 Qxc5 (24... exf3 $2 25. Qxe7
Rxe7 26. Bxf3 $18) 25. Rxc5 exf3 26. Rb5 $1 {ist am besten. Der weiße Turm
kontrolliert die 5.Reihe.} (26. Bf1 $2 Rd8 27. Rxa5 Rd1 $17 {/\h5, Be4-d3.} 28.
Rb5 $2 Rxf1+ 29. Kxf1 Ba6 $19) (26. Rc7 $2 Be4 27. Bf1 Rd8 28. h4 (28. h3 h5 $1
) 28... h5 $1 29. Bc4 Rd1+ 30. Kh2 Rd2 31. Kg1 (31. Bxf7+ Kh7 $17) 31... Bg6
$17) 26... Be4 27. Bf1 Rd8 28. h4 g6 (28... Kf8 29. Re5 f5 30. Bh3 $11) 29. Re5
$1 Bb1 30. Bc4 Rd1+ 31. Kh2 Rd2 32. g4 $1 Rxf2+ 33. Kg3 Rxa2 34. Re8+ Kg7 35.
Re7 $11) 23. Nxd5 $1 {Ein Gegenschlag!} (23. Kxf2 $2 Qxe3+ 24. Kf1 b4 $17) (23.
Qxf2 $2 Nd3 24. Qd2 Nxc1 25. Qxc1 Qc5 $1 26. Ne2 Qxc1+ 27. Nxc1 Rxe3 28. Kf2
Rc3 $17) 23... Qe4 $2 {Ein Verlustzug. Nach 15-minutigen Nachdenken findet
mein Gegner nicht die einzige Rettung.} (23... Qd7 $1 24. Qxc5 Nd3 25. Qd4 Qxd5
$11) 24. Qxc5 Nd3 25. Nd2 $1 (25. Ng5 $5 Qe5 26. Ne7+ (26. Qc2 $6 Bxd5 27. Qxd3
Bxg2 28. Qxh7+ Kf8 29. Kxg2 Qxg5 30. Qh8+ Ke7 31. Rc7+ Kd6 $1 (31... Kd8 32.
Rc8+ $18) 32. Qxe8 Qd5+ $14) 26... Rxe7 27. Qxe5 Rxe5 28. Rc7 Rxg5 29. Rxb7 $16
) 25... Qe6 $1 (25... Qe5 26. Ne7+ $1 Qxe7 (26... Rxe7 27. Qxe5 Rxe5 28. Rc3
$18) 27. Qxe7 Rxe7 28. Rc3 $18) 26. Nc7 $2 {Ein Fehler.} ({Ich hätte mich
lieber mit einer technisch gewonnenen Stellung nach} 26. Qxb5 Nxc1 27. Qxb7
Nxa2 28. Nc4 $18 {begnügen sollen.}) 26... Qh6 $2 {Zu meinem großen Glück
übersieht auch mein Gegner seine beste Möglichkeit.} (26... Qd7 $1 {Wir haben
beide nach} 27. Qd4 (27. Qxb5 Qxb5 28. Nxb5 Nxc1 29. Bxb7 Rxe3 $14) 27... Qxd4
28. exd4 {die Berechnung abgebrochen und den Zug} Re2 $1 {außer Acht gelassen.
Schwarz behält gute Remischancen:} 29. Bxb7 Nxc1 30. Ne4 b4 $1 $14) 27. Qa7 $18
Nxc1 28. Nxe8 Bxg2 29. Nc7 $1 g5 30. Kxg2 Qc6+ 31. e4 Qc3 32. Qb8+ Kg7 33. Ne8+
Kg6 34. Qd6+ f6 35. Qd7 1-0